| 000 | 00359nam a2200133 4500 | ||
|---|---|---|---|
| 999 |
_c8809 _d8809 |
||
| 003 | OSt | ||
| 005 | 20210112115558.0 | ||
| 008 | 210112b ||||| |||| 00| 0 eng d | ||
| 020 | _a9788194113836 | ||
| 082 |
_a332.67 _bCHA |
||
| 100 | _a Chandra, Prasanna | ||
| 245 | _aProjects : planning, analysis, selection, financing, implementation and review | ||
| 942 | _2ddc | ||